God has chosen for me everlasting life / (Record no. 5685)

MARC details
000 -LEADER
fixed length control field 00571nam a22001937a 4500
003 - CONTROL NUMBER IDENTIFIER
control field GBCCL
005 - DATE AND TIME OF LATEST TRANSACTION
control field 20241126110547.0
008 - FIXED-LENGTH DATA ELEMENTS--GENERAL INFORMATION
fixed length control field 180404b ||||| |||| 00| 0 eng d
040 ## - CATALOGING SOURCE
Transcribing agency gbc
082 ## - DEWEY DECIMAL CLASSIFICATION NUMBER
Classification number 248.246
Item number AMB
100 ## - MAIN ENTRY--PERSONAL NAME
Personal name Ambrie, Hamran
9 (RLIN) 10263
245 ## - TITLE STATEMENT
Title God has chosen for me everlasting life /
Statement of responsibility, etc. Hamran Ambrie
260 ## - PUBLICATION, DISTRIBUTION, ETC.
Place of publication, distribution, etc. Switzerland:
Name of publisher, distributor, etc. The Good Way,
Date of publication, distribution, etc. 1989
300 ## - PHYSICAL DESCRIPTION
Extent 95 p.;
Dimensions 16 cm.
650 ## - SUBJECT ADDED ENTRY--TOPICAL TERM
Topical term or geographic name entry element Ambrie, Hamran
9 (RLIN) 10263
650 ## - SUBJECT ADDED ENTRY--TOPICAL TERM
Topical term or geographic name entry element Christian converts from Islam
9 (RLIN) 10264
650 ## - SUBJECT ADDED ENTRY--TOPICAL TERM
Topical term or geographic name entry element Christianity and other religions
Form subdivision Islam
9 (RLIN) 10265
942 ## - ADDED ENTRY ELEMENTS (KOHA)
Source of classification or shelving scheme Dewey Decimal Classification
Koha item type Books
Holdings
Withdrawn status Lost status Source of classification or shelving scheme Damaged status Not for loan Home library Current Library Shelving location Date acquired Total checkouts Full call number Barcode Date last seen Copy number Price effective from Koha item type
    Dewey Decimal Classification     GRACE BIBLE COLLEGE GRACE BIBLE COLLEGE Ministry & Mission 2018-04-04   248.246 AMB 005656 2025-05-01 c.1 2018-04-04 Books
    Dewey Decimal Classification     GRACE BIBLE COLLEGE GRACE BIBLE COLLEGE Ministry & Mission 2018-04-09   248.246 AMB 005657 2025-05-01 c.2 2018-04-09 Books
© Grace Bible College Library 2025